| 000 | 00961nam a2200253 i 4500 | ||
|---|---|---|---|
| 001 | 169172 | ||
| 003 | ES-MaACL | ||
| 005 | 20250812062539.0 | ||
| 008 | 080821s1957 sp f |||| | spa d | ||
| 080 | _a947"1953..." | ||
| 080 | _a32(47) | ||
| 100 | 1 |
_aHabsburg, Otto. _961382 |
|
| 245 | 1 | 3 |
_aLa tensión actual en el bloque soviético / _cOtto de Austria-Hungría. |
| 260 |
_aMadrid : _bAteneo, _c1957. |
||
| 300 |
_a32 p. : _b1 lám. ; _c19 cm. |
||
| 490 | 1 |
_aColección "O crece o muere" ; _v110 |
|
| 594 | _aEl original fue dado a conocer por su autor en la conferencia inaugural del curso 1956-57 del Ateneo de Madrid, el día 16 de enero de 1957. | ||
| 610 | 2 | 4 |
_aAteneo de Madrid- _vConferencias- _y1940-1982. _91908 |
| 651 | 4 |
_aURSS- _xHistoria- _y1953-1985. _9156669 |
|
| 651 | 4 |
_aURSS- _xPolítica y gobierno- _y1953-1985. _99482 |
|
| 830 | 1 | 0 |
_aColección "O crece o muere" _v110 _9183476 |
| 852 | 4 |
_aES-MaACL _j2242-F-8 |
|
| 999 |
_c169172 _d169172 |
||